000 01027nam a22002537a 4500
999 _c64862
_d64862
005 20240530110755.0
008 181227s2017 ua g b 000 0 ara d
020 _a9789770482773
040 _aEG-CaGPL
_cEG-CaGPL
082 0 4 _221
_a341.77/
_bإ د
100 0 _aاسراء حسين عزيز حجازى
245 1 0 _aدارفور ما بين اصول الازمة واختصاصات المحكمة الجنائية الدولية /
_cاسراء حسين عزيز حجازى
250 _aط.1
260 _aالقاهرة :
_bدار النهضة العربية،
_c2017.
300 _a146 ص. ؛
_c24 سم.
504 _aيشتمل على ارجاعات ببليوجرافية
650 0 7 _2qrmak
_aالقانون الدولى الجنائى
650 0 7 _2qrmak
_aالاتفاقيات الدولية
650 0 7 _2qrmak
_aالعلاقات الخارجية
650 0 7 _2qrmak
_aالمنازعات الدولية
_zدارفور
651 _2qrmak
942 _2ddc
_cBK